000 01591naa a22003737a 4500
001 BR8402345
003 BR-BrBNA
005 20250721154444.0
007 ta
008 250630b bl.|||m| |||| 00| 0 por d
040 _aBR-BrBNA
_bpor
_cBiblioteca Nacional de Agricultura
041 _a(Pt)
072 _aH20
_b0220
_b4120
_b3820
090 _aH20 BR8402345
100 1 _aBrancao, N.
100 1 _aCordeiro, D.S.
100 1 _aRibeiro, A.S.
100 1 _aSilveira Junior, P.
111 1 _a2. Reuniao Tecnica Anual da Beterraba Acucareira
_cPelotas, RS (Brazil)
_d2-4 Aug 1983
245 1 _aEfeitos do fracionamento da adubacao nitrogenada sobre a severidade de cercosporiose em beterraba acucareira [Beta vulgaris, Cercospora beticola]
246 1 _a[Effects of the division of nitrogen fertilization on the severeness of cercosporiosis in sugar beetroot [Beta vulgaris, Cercospora beticola]]
246 1 _a[Annals of the 2. Yearly Technical Meeting of Sugar Beetroot]
500 _aAnais da 2. Reuniao Tecnica Anual da Beterraba Acucareira Pelotas, RS (Brasil): 1984. p. 93-95 (BR8402345-AMS)
773 0 _tAnais da 2. Reuniao Tecnica Anual da Beterraba Acucareira
_wH20 BR8402345
_gPelotas, RS (Brasil), 1984. p. 93-95
650 _aBETERRABA ACUCAREIRA
650 _aFUNGO
650 _aCERCOSPORIOSE
650 _aFERTILIZANTE NITROGENADO
650 _aADUBACAO
650 _aTRATAMENTO
490 _aDocumentos - Unidade de Execucao de Pesquisa de Ambito Estadual de Pelotas (Brazil)
_vno. 8
942 _cAMS
_2AGRIS
909 _a202506
_bLúcia
_c55
_dLúcia Elande
999 _c334882
_d334882